التعليم الجامعي العربي : (رقم التسجيلة. 102567)

تفاصيل مارك
000 -الفاتح
عناصر البيانات ثابتة الطول 01091cam a2200169 i 4500
005 - تاريخ ووقت آخر معاملة
حقل ضبط 20260203104701.0
008 - عناصر البيانات ثابتة الطول
عناصر البيانات ثابتة الطول 250721s2004 ua gr 000 0 ara d
082 14 - رقم تصنيف ديوي العشري
رقم التصنيف 378.56
رقم المادة م ؤ ت
111 2# - مدخل رئيسي – اسم ملتقى أو مؤتمر
اسم الملتقى أو السلطة المختصة كعنصر مدخل المؤتمر القومي السنوي الحادي عشر(العربي الثالث) لمركز تطوير التعليم الجامعي : التعليم الجامعي العربي : آفاق الإصلاح و التطوير بالتعاون مع مركز الدراسات المعرفية :
مكان انعقاد الملتقى جامعة عين شمس : مركز تطوير التعليم الجامعي :
تاريخ الملتقى أو توقيع المعاهدة 18-19 ديسمبر 2004
رقم الجزء/القسم/الملتقى الثالث
245 12 - بيان العنوان
العنوان التعليم الجامعي العربي :
بقية العنوان آفاق الإصلاح والتطوير /
بيان المسؤولية مركز الدراسات المعرفية تحت رعاية أ.د. عمرو سلامة، أ.د. صالح هاشم.
264 31 - بيانات النشر، التوزيع…إلخ
مكان النشر، التوزيع...إلخ القاهرة :
اسم الناشر، الموزع...إلخ جامعة عين شمس،
تاريخ النشر، التوزيع...إلخ 2004.
300 ## - الوصف المادي
عدد الوحدات المكونة للوعاء الجزء الأول.
650 17 - مدخل إضافي بالموضوع - مصطلح موضوعي
مصطلح موضوعي أو اسم جغرافي كعنصر مدخل التعليم العالي.
650 17 - مدخل إضافي بالموضوع - مصطلح موضوعي
مصطلح موضوعي أو اسم جغرافي كعنصر مدخل البلدان العربية.
942 ## - بيانات إضافية (كوها)
نوع التنصيف Dewey Decimal Classification
نوع المادة (كوها) كتب
المقتنيات
حالة السحب حالة الفقدان مصدر التصنيف حالة التلف غير قابل للإعارة المكتبة الرئيسية المكتبة الحالية موقع الرف تاريخ التزويد الرقم المتسلسل Total Checkouts رقم الإستدعاء الباركود تاريخ آخر ظهور تاريخ الفاتورة نوع المادة (كوها)
    Dewey Decimal Classification     المكتبة المركزية المكتبة المركزية الإعارة 28/07/2025 1055330   378.56 / م ؤ ت 1055330 28/07/2025 28/07/2025 كتب
Implemented & Customized by: BBB with SCIT (Smart Chains for Information Technology)

Powered by Koha